| 000 | 00781nas a2200277 4500 | ||
|---|---|---|---|
| 001 | BR8502278 | ||
| 003 | BR-BrBNA | ||
| 005 | 20231205090204.0 | ||
| 007 | ta | ||
| 008 | 230509b bl.|||p| |||| 00| 00por d | ||
| 040 |
_aBR-BrBNA _bpor _cBiblioteca Nacional de Agricultura |
||
| 041 | _a(Pt) | ||
| 072 | _aS20 | ||
| 100 | 1 | _aChaves, S.P. | |
| 100 | 1 | _aRamos, R.G. | |
| 100 | 1 | _aLerner, B.R. | |
| 100 | 1 | _aLei, D.L.M. | |
| 100 | 1 | _aFaria, Z. de | |
| 100 | 1 | _aKalil, A.C. | |
| 100 | 1 | _aStefanini, M.L.R. | |
| 245 | 1 | _aO suplemento alimentar em gestantes e nutrizes | |
| 650 | _aSUPLEMENTO ALIMENTAR | ||
| 773 | 0 |
_tAlimentacao (Brazil) _xISSN 0100-9397 _g(Mar-Apr 1985), (no. 77) p. 22-15 _wBR8502278 |
|
| 909 |
_a202311 _bLúcia _c55 _dLúcia Elande |
||
| 942 |
_2AGRIS _n0 _cANA |
||
| 999 |
_c116656 _d116656 |
||